000 00742nam0a22002531 4500
001 RU\NLR\INFOCOMM10\ROSSICA\1000011843
005 20250613184944.0
035 _a(NLR Aleph) 009877567
090 _a10454938
_c10454938
100 _a20030723d1897 |||y0rusy50 ca
101 0 _ager
102 _aRU
105 _ay ||||000ay
200 1 _aRusslands Hand über Asien
_eHistorisch-geographische Essays zur Entwickelungsgeschichte russischen Reichsgedankens
_fBrunnhofer, Herm.
210 _aSt.Petersburg
_d1897
215 _d
700 1 _aBrunnhofer
_bH.
_gHermann
_4070
801 1 _aRU
_bInfoComm
_c20030723
801 0 _aRU
_bNLR
_gPSBO
852 _aNLR
_j12.53.10.4
942 _cBOOK
980 _aNB
980 _aRossica